000 00492nam a2200181Ia 4500
008 090123s9999 xx 000 0 und d
082 _b37114
100 _aजोशी सुशीला
245 _aअसंभव
250 _a1
260 _bसोनाली प्रकाशन
_c2004
300 _a199
600 _aजोशी सुशीला
630 _aअसंभव
700 _aजोशी सुशीला
730 _aअसंभव
942 _cBOOK
999 _c75180
_d75180